| 000 | 01391nam a2200217 a 4500 | ||
|---|---|---|---|
| 008 | 150729s2013 xx |||||||||||||| || u | ||
| 050 | _aCOMESA(02)2013/1 | ||
| 110 | _aCommon Market for Eastern and Southern Africa (COMESA) | ||
| 245 | 1 | 0 |
_aGender mainstreaming manuals _cby Common Market for Eastern and Southern Africa(COMESA) |
| 260 |
_a _bCOMESA _c2013 |
||
| 300 | _aviii,43p. | ||
| 650 | _aGENDER AND DEVELOPMENT | ||
| 650 | _aGENDER | ||
| 650 | _aGENDER MAINSTREAMING | ||
| 995 |
_aSPECIAL COLLECTIONS _e3546 _FCBU-KAPASA MAKASA LIBRARY (Chinsali) _jCOMESA(02)2013/1E _M5 _UAVAILABLE _WApr 10, 2018 _yB3546 _ZInternational Publications |
||
| 995 |
_aSPECIAL COLLECTIONS _e1866 _FCBU-MAIN LIBRARY (Kitwe) _jCOMESA(02)2013/1D _M3 _UAVAILABLE _WAug 4, 2015 _yB1866 _ZInternational Publications |
||
| 995 |
_aSPECIAL COLLECTIONS _e1867 _FCBU-MAIN LIBRARY (Kitwe) _jCOMESA(02)2013/1B _M4 _UAVAILABLE _WAug 4, 2015 _yB1867 _ZInternational Publications |
||
| 995 |
_aSPECIAL COLLECTIONS _e3547 _FCBU-KAPASA MAKASA LIBRARY (Chinsali) _jCOMESA(02)2013/1F _M6 _UAVAILABLE _WApr 10, 2018 _yB3547 _ZInternational Publications |
||
| 995 |
_aSPECIAL COLLECTIONS _e1864 _FCBU-MAIN LIBRARY (Kitwe) _jCOMESA(02)2013/1A _M1 _UAVAILABLE _WAug 4, 2015 _yB1864 _ZInternational Publications |
||
| 995 |
_aSPECIAL COLLECTIONS _e1865 _FCBU-MAIN LIBRARY (Kitwe) _jCOMESA(02)2013/1A _M2 _UAVAILABLE _WAug 4, 2015 _yB1865 _ZInternational Publications |
||
| 999 |
_c75821 _d75821 |
||